Rajasthan municipal code (Record no. 422484)

000 -LEADER
fixed length control field 00431cam a22001337a 4500
008 - FIXED-LENGTH DATA ELEMENTS--GENERAL INFORMATION
fixed length control field 180718b1962 xxu||||| |||| 00| 0 eng d
082 ## - DEWEY DECIMAL CLASSIFICATION NUMBER
Classification number B7303x5434 V99
100 ## - MAIN ENTRY--PERSONAL NAME
Personal name Vyas, Nawal Kishore B.
245 ## - TITLE STATEMENT
Title Rajasthan municipal code
Statement of responsibility, etc. by Nawal Kishore B. Vyas and Champalal M. Bafna
260 ## - PUBLICATION, DISTRIBUTION, ETC.
Place of publication, distribution, etc. Jaipur
Name of publisher, distributor, etc. Bafna Book Depot
Date of publication, distribution, etc. 1962
300 ## - PHYSICAL DESCRIPTION
Extent v.p.
650 ## - SUBJECT ADDED ENTRY--TOPICAL TERM
Topical term or geographic name entry element Municipal government --India --Rajasthan.
700 ## - ADDED ENTRY--PERSONAL NAME
Personal name Bafna, Champalal M.
Holdings
Withdrawn status Lost status Damaged status Not for loan Permanent Location Current Location Date acquired Full call number Barcode Date last seen Price effective from Koha item type
        Indian Institute of Public Administration Indian Institute of Public Administration 2009-08-21 B7303x5434 V99 32556 2018-07-21 2018-07-21 Book

Powered by Koha